Ultimate MCU Death Quiz - Statistics

General Stats
  • This quiz has been taken 297 times
    171 since last reset
  • The average score is 36 of 92
Answer Stats
Movie Cause Killer Victim % Correct
Iron Man Electrocuted. Pepper Potts Iron Monger
89%
Iron Man 2 Explosion. Iron Man, War Machine, Himself Whiplash
79%
Thor: Ragnarok Old age. Odin
63%
Avengers: Endgame Decapitated. Thor Thanos
63%
Avengers: Infinity War Mind stone destroyed/removed. Scarlet Witch, Thanos Vision
63%
Thor Disintegrated. Loki Laufey
62%
Avengers: Endgame Suicide. Herself Black Widow
61%
Avengers: Infinity War Thrown from a cliff. Thanos Gamora
59%
Iron Man Shot. Ten Rings Ho Yinsen
59%
Avengers: Infinity War Strangled. Thanos Loki
59%
Thor Blown up. Thor The Destroyer
59%
Avengers: Age of Ultron Countless bodies destroyed. Avengers Ultron
59%
Guardians of the Galaxy Vol. 2 Brain destroyed. Star Lord, Groot Ego
58%
Thor: Ragnarok Crushed by the Twilight Sword. Surtur Hela
58%
Guardians of the Galaxy Vol. 2 Suffocated and Froze. Himself Yondu Udonta
58%
Ant-Man Exploded into nothingness. Ant-Man Yellowjacket
57%
Captain America: Civil War Old age. Peggy Carter
56%
Avengers: Endgame Gamma radiation. Himself Iron Man
55%
Spider-Man: Far From Home Shot. Drone Mysterio
55%
Avengers: Age of Ultron Shot multiple times. Ultron Quicksilver
55%
Iron Man 3 Repulsor beam. Pepper Potts Aldrich Killian
54%
Guardians of the Galaxy Destroyed by the Power Stone. Star-Lord Ronan
54%
Avengers: Infinity War Impaled. Thanos Heimdall
53%
Thor: Ragnarok Suicide while destroying Asgard. Himself Surtur
52%
Thor: Love and Thunder Cancer. Cancer. Jane Foster
51%
Black Panther Stabbed. Black Panther Erik Killmonger
50%
Avengers: Endgame Shot. Her future self Nebula
50%
Avengers: Infinity War Froze in space. Spider-Man, Iron Man Ebony Maw
49%
Thor: The Dark World Crushed. Jane Foster, Erik Selvig Malekith
49%
Captain America: Civil War Explosion. Helmut Zemo T'Chaka
48%
Avengers: Infinity War Thrown into a forcefield. Bruce Banner Cull Obsidian
46%
Eternals Flew into the sun. Himself Ikaris
46%
Guardians of the Galaxy Cancer. Ego Meredith Quill
46%
Captain America: Civil War Punched to death. Winter Soldier Howard Stark
45%
Avengers: Infinity War Crushed by an alien ship. Scarlet Witch Proxima Midnight
45%
Avengers: Infinity War Impaled. Vision Corvus Glaive
44%
Spider-Man: No Way Home Impaled. Green Goblin May Parker
44%
Doctor Strange: In The Multiverse of Madness Head implosion. Scarlet Witch Black Bolt
43%
Thor: Love and Thunder Wielding the Necrosword. Wielding the Necrosword. Gorr the God Butcher
41%
Spider-Man: Homecoming Disintegrated with Chitauri gun. Vulture Shocker
41%
Captain America: The Winter Soldier Shot. Nick Fury Alexander Pierce
40%
Doctor Strange Wounded from battle and a fall. Kaecilius Ancient One
40%
Captain America: Civil War Explosion. Himself Crossbones
40%
Thor: The Dark World Stabbed. Algrim Frigga
40%
Black Panther Shot. Killmonger Ulysses Klaue
40%
Thor: The Dark World Black hole grenade. Loki Algrim
39%
Black Widow Explosion. Yelena Belova Dreykov
39%
Doctor Strange: In The Multiverse of Madness Neck snapped. Scarlet Witch Professor X
38%
Guardians of the Galaxy Vol. 2 Ship explosion. Yondu. Taserface
38%
Doctor Strange: In The Multiverse of Madness Bisected. Scarlet Witch Captain Carter
36%
Suicide by cyanide pill. Himself. Heinz Kruger
36%
Captain America: Civil War Strangled. Winter Soldier Maria Stark
36%
Eternals Cosmic essence drained. Ikaris/Kro Ajak
35%
Eternals Cosmic essence drained. Kro Gilgamesh
35%
Thor: Ragnarok Impaled. Hela Hogun
35%
Thor: Ragnarok Impaled. Hela Volstagg
35%
Doctor Strange: In The Multiverse of Madness Crushed. Scarlet Witch Captain Marvel
34%
Thor: Ragnarok Impaled. Hela Fandral
33%
Thor: Ragnarok Fell off the edge of Asgard. Hulk Fenris
33%
Eternals Body sliced. Thena Kro
33%
Thor: Ragnarok Impaled. Hela Skurge
32%
Black Panther Stabbed. Killmonger Zuri
32%
Black Panther Stabbed. T'Chaka N'Jobu
31%
Guardians of the Galaxy Head fragment torn out. Drax Korath the Pursuer
30%
He Who Remains
29%
Guardians of the Galaxy Disintegrated. Herself Carina
28%
Captain America: The Winter Soldier Thrown from a window of a moving truck. Winter Soldier Jasper Sitwell
28%
Doctor Strange: In The Multiverse of Madness Shredded into bits. Scarlet Witch Mister Fantastic
28%
Shang-Chi and the Legend of the Ten Rings Torn apart. Shang-Chi Dweller-in-Darkness
27%
Captain Marvel Shot. Yon-Rogg Mar-Vell
27%
Iron Man 3 Shot. Aldrich Killian Maya Hansen
27%
Guardians of the Galaxy Neck snapped. Ronan The Other
27%
Maria Rambeau
26%
Shang-Chi and the Legend of the Ten Rings Soul devoured. Dweller-in-Darkness Xu Wenwu
25%
Thor: Ragnarok Crashed her ship. Bruce Banner Topaz
24%
Captain Marvel Blown up. Maria Rambeau Minn-Erva
23%
Classic Loki
22%
Iron Man 3 Explosion. Iron Man Ellen Brandt
21%
Avengers: Age of Ultron Head bashed against wall. Ultron Wolfgang Von Strucker
21%
Battlestar
19%
Iron Man 3 Unibeam blast. Iron Man Eric Savin
18%
Shang-Chi and the Legend of the Ten Rings Soul taken. Soul Eaters Death Dealer
17%
Doctor Strange: In The Multiverse of Madness Impaled. Doctor Strange Sinister Strange
17%
Captain America: The Winter Soldier Missile explosion. S.H.I.E.L.D Arnim Zola
15%
Doctor Strange: In The Multiverse of Madness Stabbed. Defender Strange
14%
Avengers: Age of Ultron Shot with repulsor ray. Iron Man Doctor List
13%
Flag Smasher
13%
Ant-Man Shot. Yellowjacket Ant-thony
7%
Doctor Strange Electrocuted. Doctor Strange, Christine Lucian
7%
Eternals Transmuted into inorganic matter. Sersi Tiamut the Communicator
7%
Captain America: The First Avenger Shot. Heinz Kruger Abraham Erksine
6%
Georges Batroc
5%
No matching quizzes found
Score Distribution
Percent of People with Each Score
Percentile by Number Answered
Your Score History
You have not taken this quiz since the last reset